Gestión económico-administrativa local (Record no. 71725)

MARC details
000 -LEADER
campo de control de longitud fija 00615nam a2200157 i 4500
001 - NÚMERO DE CONTROL
campo de control 71725
003 - IDENTIFICADOR DE NÚMERO DE CONTROL
campo de control ES-MaACL
005 - FECHA Y HORA DE LA ÚLTIMA TRANSACCIÓN
campo de control 20230906171218.0
007 - CAMPO FIJO DE DESCRIPCIÓN FÍSICA--INFORMACIÓN GENERAL
campo de control de longitud fija t|
008 - DATOS DE LONGITUD FIJA--INFORMACIÓN GENERAL
campo de control de longitud fija 040817s1951 sp ||||1| spa d
245 00 - MENCIÓN DEL TÍTULO
Título Gestión económico-administrativa local
Resto del título : conforme a la Ley de Régimen Local, de 16 de diciembre de 1950 : haciendas locales : sentido local y nacional de los Ayuntamientos /
Mención de responsabilidad, etc. Antonio Basanta Santa-Cruz...[et al.].
260 ## - PUBLICACIÓN, DISTRIBUCIÓN, ETC.
Lugar de publicación, distribución, etc. Cuenca :
Nombre del editor, distribuidor, etc. [s.n.,
Fecha de publicación, distribución, etc. 1951] (
Fabricante Imp. Moderna)
300 ## - DESCRIPCIÓN FÍSICA
Extensión 131 p. ;
Dimensiones 22 cm.
700 1# - ENTRADA AGREGADA--NOMBRE PERSONAL
Nombre de persona Basanta Santa-Cruz, Antonio.
9 (RLIN) 26248
852 ## - LOCALIZACIÓN
Ubicación ES-MaACL
Número de control de estantería D-5353
Sublocalización o colección R.31384
Holdings
Estatus retirado Estado de pérdida Estado de daño No para préstamo Biblioteca de origen Biblioteca actual Ubicación en estantería Fecha de adquisición Fuente de adquisición Total de préstamos Signatura topográfica completa Código de barras Visto por última vez Precio de reemplazo Tipo de ítem Koha
        Biblioteca del Ateneo de Madrid Biblioteca del Ateneo de Madrid Sala Valle Inclán 17/01/2008     D-5353 901075090 23/02/2023 23/02/2023 Libro impreso